Elle me dit - Mika (Paroles) - Statistiques

Statistiques générales
  • Ce quiz a été pris 6 595 fois
  • Le résultat moyen est 379 sur 467
Statistiques - réponses
Paroles % Correct
Elle
100%
elle
100%
me
100%
dit
99%
Un
97%
un
97%
de
96%
que
96%
ta
95%
Tu
95%
tu
95%
a
94%
dans
92%
le
92%
Pas
92%
pas
92%
te
91%
vie
91%
ce
90%
Fais
88%
fais
88%
t'en
87%
ça
86%
Ça
86%
danse
86%
Danse
86%
une
86%
Une
86%
jour
85%
tout
85%
quoi
84%
veux
84%
aime
83%
chanson
83%
Va
83%
va
83%
c'est
82%
C'est
82%
comme
82%
monde
82%
et
81%
Et
81%
peu
81%
pis
81%
T'es
81%
t'es
81%
tes
81%
bulle
79%
déprimante
79%
Écris
79%
tant
79%
ton
79%
On
78%
se
78%
Sors
78%
voudras
78%
contente
77%
dirait
76%
gâches
76%
76%
Ne
76%
ne
76%
père
76%
Pourquoi
76%
nul
75%
trop
75%
comprendras
74%
n'importe
73%
t'aimes
72%
ballon
71%
deviendras
70%
j'aime
69%
quand
69%
vas
69%
taper
68%
truc
68%
Qu'elle
67%
qu'elle
67%
bien
66%
frère
66%
chambre
65%
les
65%
tête
65%
ou
64%
t'as
64%
finiras
63%
en
62%
je
62%
populaire
62%
toi
62%
être
61%
fier
61%
finis
61%
problème
61%
autres
60%
milliardaire
60%
sera
60%
garçons
59%
Qu'est-ce
59%
T'auras
59%
t'auras
59%
temps
59%
ans
58%
l'air
58%
Mais
57%
y
57%
secoue
56%
défoncé
55%
gay
55%
plus
54%
huit
52%
Regarde
52%
perds
51%
serai
51%
Vas-y
50%
plaire
49%
sur
48%
t'enfermes
48%
faire
47%
internet
47%
fous
46%
coincé
44%
es
44%
trente
43%
amis
42%
des
42%
foutre
42%
moi
42%
grand
41%
bientôt
40%
Il
40%
plains
40%
tueras
40%
jamais
39%
leur
38%
suis
37%
vont
36%
déjà
35%
Dis-moi
35%
qu'ils
35%
encore
34%
vieille
34%
blancs
32%
cheveux
32%
enfant
32%
Hey
31%
Oui
30%
réveilles
30%
Faudrait
29%
toujours
29%
Poum
13%
poum
13%
Aucun quiz correspondant
Distribution des résultats
% des personnes avec chaque résultat
Percentile par nombre de réponses
Votre historique - résultats
Vous n’avez pas pris ce quiz